000 00188 a2200097 4500
020 _a9780755301164
041 _aeng
100 _aScarrow, Simon
245 _aThe eagle's prey
942 _cBK
999 _c29957
_d29955